00490nam a22001697a 4500010001500000020002600015035001300041037001300054100001700067245004800084260005000132270005900182300002600241500001900267942001700286999001700303 aENG-112089 a9788126512904c589.00 aEN-95621 bDBAD/PUB aBates, Chris aIrrigation engineering /cby H.M. Raghunath aNew DelhibWiley India Pvt. Ltd.c2012(repr.) a4435-36/7, Ansari Road, Daryaganj, bNew Delhie110002 axiii,522p.c26cm(pbk) aIncludes index 2ddccENmRAG c91216d91216